Pelan Strategik 2015 - 2019 (Record no. 4800)

000 -LEADER
fixed length control field nam a22 7a 4500
005 - DATE AND TIME OF LATEST TRANSACTION
control field 20200122091550.0
008 - FIXED-LENGTH DATA ELEMENTS--GENERAL INFORMATION
fixed length control field 200122b2014 my ||||| |||| 00| 0 may d
040 ## - CATALOGING SOURCE
Original cataloging agency AKMAL
082 ## - DEWEY DECIMAL CLASSIFICATION NUMBER
Classification number 352.448595 PEL
090 ## - LOCALLY ASSIGNED LC-TYPE CALL NUMBER (OCLC); LOCAL CALL NUMBER (RLIN)
Classification number (OCLC) (R) ; Classification number, CALL (RLIN) (NR) 352.448595
Local cutter number (OCLC) ; Book number/undivided call number, CALL (RLIN) MAL
245 ## - TITLE STATEMENT
Title Pelan Strategik 2015 - 2019
260 ## - PUBLICATION, DISTRIBUTION, ETC.
Place of publication, distribution, etc. Jabatan Kastam Diraja Malaysia
Name of publisher, distributor, etc. Bahagian Perancangan Korporat
Date of publication, distribution, etc. 2014
264 ## - PRODUCTION, PUBLICATION, DISTRIBUTION, MANUFACTURE, AND COPYRIGHT NOTICE
Place of production, publication, distribution, manufacture Putrajaya
Name of producer, publisher, distributor, manufacturer Bahagian Perancangan Korporat
Date of production, publication, distribution, manufacture, or copyright notice 2014
300 ## - PHYSICAL DESCRIPTION
Extent 72pg
Other physical details colour ilustrations
Dimensions 25cm
710 ## - ADDED ENTRY--CORPORATE NAME
Corporate name or jurisdiction name as entry element Jabatan Kastam Diraja Malaysia
9 (RLIN) 836
942 ## - ADDED ENTRY ELEMENTS (KOHA)
Source of classification or shelving scheme
Koha item type Book
Holdings
Withdrawn status Lost status Source of classification or shelving scheme Damaged status Not for loan Collection code Home library Current library Shelving location Date acquired Inventory number Total Checkouts Full call number Barcode Date last seen Price effective from Koha item type
          NON-FICTION AKMAL Melaka AKMAL Melaka PINJAMAN 22.01.2020 002781   352.448595 PEL 201707808 22.01.2020 22.01.2020 Book
          NON-FICTION AKMAL Melaka AKMAL Melaka PINJAMAN 22.01.2020 002782   352.448595 PEL 201707809 22.01.2020 22.01.2020 Book
          NON-FICTION AKMAL Melaka AKMAL Melaka PINJAMAN 22.01.2020 002783   352.448595 PEL 201707807 22.01.2020 22.01.2020 Book
Pusat Sumber Maklumat Dato' Haji Sarmin Md Hussin, Akademi Kastam Diraja Malaysia, Melaka
Tel: 06-2331106 | Faks: 06-2313787